000
00198 a2200097 4500
001
4689
100
_a
Nettleton,A
245
_a
Cash from yowe camera
260
_a
_b
Iliffe
_c
090
_c
3881
_d
3881
942
_a
NUST-CAE
_c
M
_c
30135
999
_c
239762
_d
239762